[Event "Sparkassen-Open A"]
[Site "Heusenstamm, Martinsee"]
[Date "2023.11.26"]
[Round "7.8"]
[White "Krause, Jonah"]
[Black "Ngo, Quang Thai"]
[Result "1-0"]
[WhiteElo "2366"]
[BlackElo "2080"]
[PlyCount "81"]
[EventDate "2023.??.??"]
[WhiteTeam "FC ST.Pauli 1910 eV SAbt"]
[BlackTeam "Aachener SV 1856 e. V."]

1. d4 Nf6 {[%emt 0:01:09]} 2. c4 e6 3. Nf3 d5 4. Nc3 dxc4 5. e4 b5 {[%emt 0:00:06]} 6. e5 {[%emt 0:00:03]} Nd5 {[%emt 0:00:04]} 7. Nxb5 {[%emt 0:00:05]} Nb6 {[%emt 0:00:19]} 8. Be2 {[%emt 0:00:15]} Nc6 9. a3 {[%emt 0:01:34]} Bb7 {[%emt 0:01:17]} 10. Be3 {[%emt 0:05:43]} Be7 {[%emt 0:00:21]} 11. O-O {[%emt 0:00:18]} O-O {[%emt 0:00:09]} 12. Qc2 {[%emt 0:01:42]} Na5 {[%emt 0:03:17]} 13. Rad1 {[%emt 0:01:19]} Rb8 {[%emt 0:02:48]} 14. Nc3 {[%emt 0:01:06]} Qd7 {[%emt 0:16:27]} 15. Rfe1 {[%emt 0:17:30]} h6 {[%emt 0:08:10]} 16. h3 {[%emt 0:02:58]} Qc6 {[%emt 0:01:42]} 17. Bf1 {[%emt 0:05:57]} Rfd8 {[%emt 0:01:39]} 18. Nh2 {[%emt 0:05:23]} Qe8 {[%emt 0:02:25]} 19. Qe2 {[%emt 0:04:10]} Kh8 {[%emt 0:06:47]} 20. Qg4 {[%emt 0:00:45]} Nd5 {[%emt 0:03:00]} 21. Bd2 {[%emt 0:05:07]} Nb3 {[%emt 0:03:42]} 22. Nxd5 {[%emt 0:07:39]} Bxd5 {[%emt 0:00:58]} 23. Bc3 {[%emt 0:01:39]} c5 {[%emt 0:34:44]} 24. dxc5 {[%emt 0:00:44]} Nxc5 25. Bxc4 {[%emt 0:01:44]} Ba8 {[%emt 0:01:02]} 26. b4 {[%emt 0:05:15]} Na4 {[%emt 0:02:34]} 27. Bd4 {[%emt 0:01:32]} a5 {[%emt 0:01:37]} 28. b5 {[%emt 0:07:41]} Bxa3 {[%emt 0:01:32]} 29. Ba7 {[%emt 0:03:50]} Nb2 {[%emt 0:03:38]} 30. Bxb8 {[%emt 0:01:00]} Rxd1 {[%emt 0:00:13]} 31. Rxd1 {[%emt 0:00:31]} Nxd1 {[%emt 0:00:04]} 32. Bd6 {[%emt 0:00:41]} Bxd6 {[%emt 0:00:23]} 33. exd6 {[%emt 0:01:17]} Nc3 {[%emt 0:00:21]} 34. Qd4 {[%emt 0:03:05]} Nd5 {[%emt 0:01:21]} 35. Qa7 {[%emt 0:02:33]} Nf6 {[%emt 0:02:17]} 36. Ng4 {[%emt 0:03:28]} Nd7 {[%emt 0:02:07]} 37. Qc7 {[%emt 0:01:47]} a4 {[%emt 0:01:44]} 38. b6 {[%emt 0:01:01]} Bd5 {[%emt 0:00:11]} 39. b7 {[%emt 0:01:55]} Kg8 {[%emt 0:01:27]} 40. Ne5 {[%emt 0:00:45]} Bxb7 {[%emt 0:00:42]} 41. Nxd7 {[%emt 0:00:27]} 1-0

[Event "Sparkassen-Open A"]
[Site "Heusenstamm, Martinsee"]
[Date "2023.11.26"]
[Round "7.9"]
[White "Browning, Alex"]
[Black "Schmidt, Markus"]
[Result "1/2-1/2"]
[WhiteElo "2340"]
[BlackElo "2116"]
[PlyCount "47"]
[EventDate "2023.??.??"]
[WhiteTeam "Märkischer Springer Halver-Schal"]
[BlackTeam "SK Niederbrechen 1948"]

1. Nf3 {[%emt 0:00:12]} d5 {[%emt 0:06:50]} 2. c4 {[%emt 0:00:43]} e6 3. g3 Nf6 {[%emt 0:02:28]} 4. Bg2 {[%emt 0:01:19]} Be7 {[%emt 0:03:44]} 5. O-O {[%emt 0:00:40]} O-O {[%emt 0:00:27]} 6. d4 {[%emt 0:01:45]} dxc4 7. Ne5 Nc6 {[%emt 0:00:11]} 8. Bxc6 {[%emt 0:01:43]} bxc6 {[%emt 0:00:08]} 9. Nxc6 {[%emt 0:00:13]} Qe8 {[%emt 0:00:04]} 10. Nxe7+ {[%emt 0:00:04]} Qxe7 {[%emt 0:00:04]} 11. Qa4 {[%emt 0:00:09]} e5 {[%emt 0:02:38]} 12. dxe5 {[%emt 0:01:57]} Qxe5 13. Qxc4 {[%emt 0:00:17]} Be6 {[%emt 0:07:12]} 14. Qd3 {[%emt 0:02:38]} Rad8 {[%emt 0:06:49]} 15. Qe3 {[%emt 0:00:11]} Qh5 {[%emt 0:00:24]} 16. f3 {[%emt 0:00:07]} Bc4 {[%emt 0:01:13]} 17. Qf2 {[%emt 0:08:38]} Rfe8 {[%emt 0:00:35]} 18. Nc3 {[%emt 0:01:31]} Nd5 {[%emt 0:01:12]} 19. Re1 {[%emt 0:02:42]} Nxc3 {[%emt 0:00:48]} 20. bxc3 {[%emt 0:05:10]} Qb5 21. a4 {[%emt 0:21:04]} Qa6 {[%emt 0:09:22]} 22. Be3 {[%emt 0:04:29]} Qe6 {[%emt 0:06:28]} 23. Bg5 {[%emt 0:07:11]} f6 {[%emt 0:09:38]} 24. Bf4 {[%emt 0:00:36]} 1/2-1/2

[Event "Sparkassen-Open A"]
[Site "Heusenstamm, Martinsee"]
[Date "2023.11.26"]
[Round "7.10"]
[White "Poysti, Nathanael"]
[Black "Haack, Kevin"]
[Result "1/2-1/2"]
[WhiteElo "2142"]
[BlackElo "2302"]
[PlyCount "178"]
[EventDate "2023.??.??"]
[BlackTeam "SV 1920 Hofheim"]

1. c4 {[%emt 0:00:13]} Nf6 {[%emt 0:00:04]} 2. g3 {[%emt 0:00:03]} e6 {[%emt 0:00:04]} 3. Bg2 {[%emt 0:00:04]} d5 {[%emt 0:00:30]} 4. Nf3 dxc4 5. Qa4+ {[%emt 0:00:32]} Nbd7 6. Qxc4 {[%emt 0:00:07]} c5 {[%emt 0:00:07]} 7. O-O {[%emt 0:14:14]} b6 8. d3 {[%emt 0:05:26]} Bb7 {[%emt 0:00:28]} 9. Nc3 {[%emt 0:03:50]} a6 {[%emt 0:03:53]} 10. Qb3 {[%emt 0:02:59]} Bd6 {[%emt 0:02:07]} 11. a4 {[%emt 0:01:10]} O-O {[%emt 0:02:15]} 12. Nd2 {[%emt 0:03:25]} Bxg2 {[%emt 0:04:22]} 13. Kxg2 {[%emt 0:00:11]} Bc7 {[%emt 0:02:12]} 14. Nc4 {[%emt 0:06:07]} Nd5 {[%emt 0:08:01]} 15. Bd2 {[%emt 0:02:01]} Nb4 {[%emt 0:02:16]} 16. Ne4 {[%emt 0:04:04]} Nc6 {[%emt 0:03:41]} 17. Bc3 {[%emt 0:00:12]} Rb8 {[%emt 0:07:56]} 18. Ne3 {[%emt 0:03:40]} Qe7 {[%emt 0:06:42]} 19. Nd2 {[%emt 0:00:21]} Rfd8 {[%emt 0:03:15]} 20. Nf3 {[%emt 0:01:00]} Nf6 {[%emt 0:00:47]} 21. Bxf6 {[%emt 0:03:27]} Qxf6 {[%emt 0:00:17]} 22. Rfd1 {[%emt 0:02:16]} Nb4 {[%emt 0:06:22]} 23. Rac1 {[%emt 0:07:10]} Nd5 {[%emt 0:04:06]} 24. d4 {[%emt 0:02:23]} h6 {[%emt 0:03:49]} 25. Qd3 {[%emt 0:06:48]} Nxe3+ {[%emt 0:04:25]} 26. Qxe3 {[%emt 0:00:33]} Bd6 {[%emt 0:00:09]} 27. b3 {[%emt 0:01:44]} Rbc8 {[%emt 0:04:11]} 28. Qe4 {[%emt 0:05:18]} cxd4 {[%emt 0:07:45]} 29. Rxc8 {[%emt 0:00:31]} Rxc8 30. Rxd4 {[%emt 0:04:06]} Bc5 {[%emt 0:02:08]} 31. Qb7 {[%emt 0:01:29]} Rf8 {[%emt 0:00:57]} 32. Rd3 {[%emt 0:06:08]} a5 {[%emt 0:00:10]} 33. Qe4 {[%emt 0:00:14]} Qb2 {[%emt 0:05:15]} 34. Nd2 {[%emt 0:02:38]} Qf6 {[%emt 0:02:23]} 35. Nf3 {[%emt 0:00:13]} Rd8 {[%emt 0:00:32]} 36. Rxd8+ {[%emt 0:03:52]} Qxd8 37. Ne5 {[%emt 0:00:17]} Qc7 {[%emt 0:04:40]} 38. Nd3 {[%emt 0:00:40]} Be7 {[%emt 0:00:28]} 39. Qc4 {[%emt 0:00:21]} Qb7+ {[%emt 0:01:02]} 40. f3 {[%emt 0:00:53]} Qd7 {[%emt 0:01:43]} 41. Kf2 {[%emt 0:04:19]} h5 {[%emt 0:03:24]} 42. h4 {[%emt 0:03:21]} g6 {[%emt 0:01:28]} 43. Kg2 {[%emt 0:04:02]} Bf6 {[%emt 0:01:13]} 44. Nf2 {[%emt 0:05:29]} Be5 {[%emt 0:01:53]} 45. Nd3 {[%emt 0:03:09]} Bc7 {[%emt 0:00:24]} 46. Nf2 {[%emt 0:01:18]} Be5 {[%emt 0:03:15]} 47. Nd3 {[%emt 0:00:08]} Bd4 {[%emt 0:00:22]} 48. Nf4 {[%emt 0:01:01]} Qd6 {[%emt 0:02:14]} 49. Nd3 {[%emt 0:00:57]} Kg7 {[%emt 0:01:41]} 50. Nf4 {[%emt 0:00:11]} Be5 {[%emt 0:00:32]} 51. Qe4 {[%emt 0:01:00]} Kf6 {[%emt 0:01:59]} 52. Qe3 {[%emt 0:01:00]} Kg7 {[%emt 0:16:05]} 53. Qe4 Qc7 54. Qe3 Qb8 55. Kh3 Qd6 56. Kg2 Bf6 57. Qd3 Qb4 58. Nh3 Qa3 {[%emt 0:01:54]} 59. Nf2 {[%emt 0:00:12]} Qa1 {[%emt 0:01:09]} 60. Ne4 {[%emt 0:00:55]} Bd4 {[%emt 0:00:33]} 61. Nf2 {[%emt 0:00:25]} Kg8 {[%emt 0:00:27]} 62. Qc4 {[%emt 0:00:33]} Bc5 {[%emt 0:00:05]} 63. Qd3 {[%emt 0:00:18]} Kf8 {[%emt 0:02:03]} 64. Qd8+ Kg7 65. Qd3 Qe1 {[%emt 0:01:52]} 66. Nh3 Kg8 {[%emt 0:00:21]} 67. Qd8+ {[%emt 0:00:03]} Kh7 {[%emt 0:00:28]} 68. Qd3 {[%emt 0:00:33]} Kg7 {[%emt 0:00:32]} 69. Qc2 {[%emt 0:00:54]} Bd6 70. f4 {[%emt 0:03:07]} Bc5 {[%emt 0:00:22]} 71. Qd3 {[%emt 0:00:08]} Qc1 {[%emt 0:00:11]} 72. Nf2 {[%emt 0:00:47]} Be3 {[%emt 0:00:42]} 73. Nh3 Qc6+ 74. Kh2 {[%emt 0:00:10]} Bc5 {[%emt 0:00:41]} 75. Ng5 {[%emt 0:01:16]} Qc7 {[%emt 0:01:50]} 76. Qc3+ {[%emt 0:00:43]} Kg8 {[%emt 0:01:45]} 77. Ne4 {[%emt 0:00:19]} f5 {[%emt 0:04:23]} 78. Nxc5 {[%emt 0:00:47]} Qxc5 {[%emt 0:00:23]} 79. Qxc5 {[%emt 0:11:19]} bxc5 80. Kg2 {[%emt 0:00:08]} Kf7 {[%emt 0:00:05]} 81. Kf3 Ke7 {[%emt 0:02:16]} 82. Ke3 {[%emt 0:03:25]} Kd6 83. Kd3 Kd5 {[%emt 0:01:31]} 84. e3 {[%emt 0:00:22]} Kd6 {[%emt 0:01:35]} 85. Kc4 {[%emt 0:01:20]} Kc6 86. Kc3 {[%emt 0:00:26]} Kd5 {[%emt 0:00:21]} 87. Kd3 Kd6 {[%emt 0:00:51]} 88. Kc4 {[%emt 0:00:37]} Kc6 89. Kc3 {[%emt 0:00:07]} Kd5 {[%emt 0:00:05]} 1/2-1/2

[Event "Sparkassen-Open A"]
[Site "Heusenstamm, Martinsee"]
[Date "2023.11.26"]
[Round "7.11"]
[White "Chassard, Cedric"]
[Black "Perske, Paul"]
[Result "1/2-1/2"]
[WhiteElo "2297"]
[BlackElo "2068"]
[PlyCount "49"]
[EventDate "2023.??.??"]
[WhiteTeam "SC Caissa Schwarzenbach"]
[BlackTeam "Sfr.Heidesheim"]

1. e4 {[%emt 0:00:10]} e5 {[%emt 0:00:42]} 2. Nf3 Nc6 3. Bb5 {[%emt 0:00:04]} a6 4. Ba4 Nf6 {[%emt 0:00:12]} 5. O-O {[%emt 0:00:13]} Be7 6. Re1 b5 {[%emt 0:00:05]} 7. Bb3 d6 {[%emt 0:00:04]} 8. a4 {[%emt 0:03:08]} Bb7 {[%emt 0:02:07]} 9. c3 {[%emt 0:01:06]} O-O {[%emt 0:00:41]} 10. d3 {[%emt 0:04:17]} Re8 {[%emt 0:00:38]} 11. Nbd2 {[%emt 0:01:11]} Bf8 {[%emt 0:01:13]} 12. Nf1 {[%emt 0:02:36]} d5 {[%emt 0:01:54]} 13. Bg5 {[%emt 0:12:44]} dxe4 {[%emt 0:03:04]} 14. dxe4 {[%emt 0:00:09]} Qxd1 {[%emt 0:13:11]} 15. Raxd1 {[%emt 0:00:28]} Na5 {[%emt 0:00:44]} 16. Bc2 {[%emt 0:15:29]} Nc4 {[%emt 0:04:32]} 17. b3 {[%emt 0:11:38]} Nd6 {[%emt 0:02:19]} 18. Bxf6 {[%emt 0:03:18]} gxf6 {[%emt 0:00:19]} 19. g4 {[%emt 0:02:23]} f5 {[%emt 0:04:29]} 20. gxf5 {[%emt 0:04:07]} Nxf5 {[%emt 0:01:00]} 21. Ne3 {[%emt 0:07:02]} Nxe3 {[%emt 0:07:04]} 22. Rxe3 {[%emt 0:00:35]} Bh6 {[%emt 0:00:27]} 23. Ree1 {[%emt 0:03:09]} Bc6 {[%emt 0:02:20]} 24. Nh4 {[%emt 0:02:49]} Rad8 {[%emt 0:07:21]} 25. Nf5 {[%emt 0:01:37]} 1/2-1/2

[Event "Sparkassen-Open A"]
[Site "Heusenstamm, Martinsee"]
[Date "2023.11.26"]
[Round "7.12"]
[White "Spriestersbach, Kai"]
[Black "Villwock, Martin"]
[Result "1-0"]
[WhiteElo "2263"]
[BlackElo "2073"]
[PlyCount "67"]
[EventDate "2023.??.??"]
[WhiteTeam "SV Erkenschwick 1923 e"]
[BlackTeam "SF Essen-Katernberg 0"]

1. e4 {[%emt 0:00:28]} c5 {[%emt 0:00:20]} 2. Nf3 e6 3. d4 {[%emt 0:00:11]} cxd4 4. Nxd4 a6 {[%emt 0:00:14]} 5. Nc3 {[%emt 0:00:41]} Qc7 {[%emt 0:00:07]} 6. Bd3 {[%emt 0:00:06]} Nf6 {[%emt 0:01:11]} 7. Qe2 {[%emt 0:01:13]} d6 {[%emt 0:01:13]} 8. g4 {[%emt 0:00:42]} e5 {[%emt 0:01:59]} 9. Nf5 {[%emt 0:00:24]} Nc6 {[%emt 0:06:14]} 10. g5 {[%emt 0:18:32]} Bxf5 {[%emt 0:01:07]} 11. gxf6 {[%emt 0:00:24]} Nd4 {[%emt 0:01:42]} 12. fxg7 {[%emt 0:01:42]} Bxg7 {[%emt 0:00:24]} 13. Qh5 {[%emt 0:00:35]} Bg6 {[%emt 0:04:15]} 14. Qh3 {[%emt 0:05:12]} Qc6 {[%emt 0:02:32]} 15. Be3 {[%emt 0:05:24]} O-O {[%emt 0:06:01]} 16. O-O-O {[%emt 0:05:54]} Rac8 {[%emt 0:05:15]} 17. Kb1 {[%emt 0:01:41]} b5 {[%emt 0:04:33]} 18. Nd5 {[%emt 0:07:40]} Qb7 {[%emt 0:00:44]} 19. Bxd4 {[%emt 0:04:29]} exd4 {[%emt 0:00:13]} 20. f4 {[%emt 0:00:17]} f5 {[%emt 0:03:21]} 21. exf5 {[%emt 0:01:17]} Qxd5 {[%emt 0:00:27]} 22. fxg6 h6 {[%emt 0:00:19]} 23. Rhe1 {[%emt 0:03:41]} Rce8 {[%emt 0:00:20]} 24. f5 {[%emt 0:07:40]} Re5 {[%emt 0:02:49]} 25. Rxe5 {[%emt 0:00:56]} Qxe5 {[%emt 0:00:31]} 26. Rf1 {[%emt 0:03:52]} Re8 {[%emt 0:01:40]} 27. a3 {[%emt 0:00:19]} Qf6 {[%emt 0:00:27]} 28. Qf3 {[%emt 0:01:29]} d5 {[%emt 0:04:48]} 29. Qxd5+ {[%emt 0:01:22]} Kh8 30. Rf4 {[%emt 0:10:34]} h5 {[%emt 0:06:52]} 31. Re4 {[%emt 0:03:21]} Rxe4 {[%emt 0:01:37]} 32. Qxe4 Bf8 {[%emt 0:00:12]} 33. Qb7 {[%emt 0:01:17]} Be7 {[%emt 0:00:40]} 34. Be4 {[%emt 0:07:09]} 1-0

[Event "Sparkassen-Open A"]
[Site "Heusenstamm, Martinsee"]
[Date "2023.11.26"]
[Round "7.13"]
[White "Dolzhykova, Kateryna"]
[Black "Sheng, Ming"]
[Result "1/2-1/2"]
[WhiteElo "2323"]
[BlackElo "1769"]
[PlyCount "111"]
[EventDate "2023.??.??"]
[WhiteTeam "SV Oberursel"]
[BlackTeam "SC Rochade Saarlouis 1993 e.V."]

1. e4 {[%emt 0:00:18]} c6 2. d3 d5 {[%emt 0:00:22]} 3. Nd2 e5 4. Ngf3 {[%emt 0:00:20]} Bd6 {[%emt 0:00:04]} 5. d4 exd4 {[%emt 0:00:19]} 6. Bd3 {[%emt 0:00:08]} Bg4 {[%emt 0:04:50]} 7. O-O {[%emt 0:02:18]} Ne7 {[%emt 0:00:48]} 8. Re1 {[%emt 0:00:04]} Qc7 {[%emt 0:03:13]} 9. h3 {[%emt 0:01:19]} Bxf3 {[%emt 0:04:33]} 10. Nxf3 {[%emt 0:01:53]} dxe4 {[%emt 0:01:00]} 11. Bxe4 {[%emt 0:01:08]} Nd7 {[%emt 0:01:03]} 12. Qxd4 {[%emt 0:00:54]} Ne5 {[%emt 0:03:10]} 13. Bg5 {[%emt 0:03:10]} f6 {[%emt 0:02:28]} 14. Bh4 {[%emt 0:04:21]} Nxf3+ {[%emt 0:05:36]} 15. Bxf3 {[%emt 0:00:16]} O-O {[%emt 0:00:38]} 16. Rad1 {[%emt 0:10:30]} Nf5 {[%emt 0:03:16]} 17. Qe4 {[%emt 0:02:35]} Nxh4 {[%emt 0:01:13]} 18. Qxh4 {[%emt 0:00:58]} Rad8 {[%emt 0:02:55]} 19. Be4 {[%emt 0:01:18]} f5 {[%emt 0:01:21]} 20. Bd3 {[%emt 0:00:52]} h6 {[%emt 0:04:25]} 21. Kh1 {[%emt 0:02:17]} Kh8 {[%emt 0:04:05]} 22. Re6 {[%emt 0:01:26]} Rd7 {[%emt 0:16:44]} 23. Qh5 {[%emt 0:03:13]} Bc5 {[%emt 0:03:13]} 24. Re8 {[%emt 0:07:50]} Rdf7 {[%emt 0:04:13]} 25. Rxf8+ {[%emt 0:01:30]} Rxf8 {[%emt 0:01:20]} 26. Re1 {[%emt 0:00:45]} Qf7 {[%emt 0:02:13]} 27. Qxf7 {[%emt 0:03:46]} Rxf7 {[%emt 0:00:45]} 28. Re8+ {[%emt 0:00:14]} Rf8 {[%emt 0:02:59]} 29. Rxf8+ {[%emt 0:01:15]} Bxf8 {[%emt 0:01:05]} 30. Bxf5 {[%emt 0:00:06]} g5 {[%emt 0:01:30]} 31. Kh2 {[%emt 0:00:50]} Bd6+ {[%emt 0:00:06]} 32. g3 {[%emt 0:00:23]} Kg7 {[%emt 0:00:39]} 33. Kg2 {[%emt 0:00:08]} Kf6 {[%emt 0:00:22]} 34. Bc8 {[%emt 0:00:35]} b6 {[%emt 0:00:07]} 35. Kf3 {[%emt 0:00:04]} Ke5 {[%emt 0:00:42]} 36. Kg4 {[%emt 0:02:25]} Kf6 {[%emt 0:00:23]} 37. h4 {[%emt 0:02:16]} Bc5 {[%emt 0:02:51]} 38. f3 {[%emt 0:02:03]} Be3 {[%emt 0:00:46]} 39. f4 {[%emt 0:01:25]} gxf4 {[%emt 0:01:03]} 40. gxf4 Bc1 {[%emt 0:01:45]} 41. b3 {[%emt 0:00:33]} Ke7 {[%emt 0:02:14]} 42. Kf5 {[%emt 0:00:56]} Kd6 {[%emt 0:00:40]} 43. c3 {[%emt 0:01:08]} Bd2 {[%emt 0:01:28]} 44. c4 {[%emt 0:01:48]} a5 {[%emt 0:01:59]} 45. Bb7 {[%emt 0:04:47]} Kc7 {[%emt 0:01:01]} 46. Ba8 {[%emt 0:01:12]} Kd6 {[%emt 0:00:13]} 47. a3 {[%emt 0:00:40]} Bc1 {[%emt 0:00:32]} 48. a4 {[%emt 0:01:45]} Bd2 {[%emt 0:01:07]} 49. Bb7 {[%emt 0:00:38]} Kc7 {[%emt 0:00:07]} 50. Ba6 {[%emt 0:02:21]} Kd6 {[%emt 0:00:56]} 51. Bc8 {[%emt 0:00:14]} Bc1 {[%emt 0:03:23]} 52. Ke4 {[%emt 0:00:15]} Bd2 {[%emt 0:01:53]} 53. Bh3 {[%emt 0:00:10]} Be1 {[%emt 0:00:28]} 54. h5 {[%emt 0:01:13]} Bd2 {[%emt 0:00:19]} 55. Bg2 {[%emt 0:00:04]} Bc1 {[%emt 0:00:11]} 56. Bf3 {[%emt 0:00:53]} 1/2-1/2

[Event "Sparkassen-Open A"]
[Site "Heusenstamm, Martinsee"]
[Date "2023.11.26"]
[Round "7.14"]
[White "Neukirchner, Pascal"]
[Black "Klaska, Philipp Leon"]
[Result "1/2-1/2"]
[WhiteElo "2286"]
[BlackElo "2111"]
[PlyCount "127"]
[EventDate "2023.??.??"]
[WhiteTeam "SK Gründau"]
[BlackTeam "Düsseldorfer SK 14/25 e."]

1. d4 Nf6 {[%emt 0:00:55]} 2. c4 c5 {[%emt 0:00:16]} 3. d5 {[%emt 0:00:19]} b5 4. cxb5 a6 {[%emt 0:00:03]} 5. bxa6 g6 {[%emt 0:00:04]} 6. Nc3 {[%emt 0:00:07]} Bg7 {[%emt 0:00:16]} 7. e4 {[%emt 0:00:04]} d6 {[%emt 0:00:10]} 8. a7 {[%emt 0:10:52]} Rxa7 {[%emt 0:01:28]} 9. Nf3 {[%emt 0:00:07]} O-O {[%emt 0:02:30]} 10. Be2 {[%emt 0:00:16]} Ba6 {[%emt 0:02:18]} 11. O-O {[%emt 0:00:23]} Nbd7 {[%emt 0:02:02]} 12. a4 {[%emt 0:05:59]} Bxe2 {[%emt 0:08:38]} 13. Qxe2 {[%emt 0:00:23]} Qa8 {[%emt 0:00:06]} 14. Ra3 {[%emt 0:00:57]} Rb8 {[%emt 0:08:56]} 15. b3 {[%emt 0:04:27]} Ng4 {[%emt 0:04:53]} 16. Nb5 {[%emt 0:06:43]} Ra5 {[%emt 0:06:42]} 17. Nd2 {[%emt 0:01:17]} Nge5 {[%emt 0:13:21]} 18. f4 {[%emt 0:12:44]} Rbxb5 {[%emt 0:02:22]} 19. fxe5 {[%emt 0:00:31]} Rb7 {[%emt 0:08:32]} 20. exd6 {[%emt 0:03:37]} exd6 {[%emt 0:00:13]} 21. Nc4 {[%emt 0:00:07]} Ra6 {[%emt 0:00:26]} 22. Bf4 {[%emt 0:01:07]} Qb8 {[%emt 0:03:56]} 23. Qf3 {[%emt 0:02:56]} Bd4+ {[%emt 0:05:27]} 24. Kh1 {[%emt 0:00:31]} Nf6 {[%emt 0:02:34]} 25. a5 {[%emt 0:05:07]} Rd7 {[%emt 0:03:16]} 26. Nb6 {[%emt 0:06:08]} Rda7 {[%emt 0:02:31]} 27. Nc4 {[%emt 0:07:40]} Rd7 {[%emt 0:00:20]} 28. Be3 {[%emt 0:03:45]} Bxe3 {[%emt 0:02:43]} 29. Qxe3 {[%emt 0:00:44]} Qd8 {[%emt 0:01:56]} 30. Ra2 {[%emt 0:05:02]} Qe7 {[%emt 0:01:30]} 31. Re2 {[%emt 0:01:54]} Rda7 {[%emt 0:04:18]} 32. Nb6 {[%emt 0:05:39]} Qd8 {[%emt 0:06:25]} 33. Nc4 {[%emt 0:11:17]} Qe7 {[%emt 0:00:07]} 34. h3 {[%emt 0:00:40]} Nd7 {[%emt 0:01:00]} 35. Ra2 {[%emt 0:02:16]} Ne5 {[%emt 0:00:47]} 36. Rfa1 {[%emt 0:00:57]} Nxc4 {[%emt 0:02:08]} 37. bxc4 Qe5 {[%emt 0:01:07]} 38. Qe1 {[%emt 0:00:51]} Re7 {[%emt 0:01:33]} 39. Rb1 {[%emt 0:00:53]} f5 {[%emt 0:03:58]} 40. Rb6 {[%emt 0:01:25]} Raa7 {[%emt 0:00:34]} 41. a6 {[%emt 0:02:15]} fxe4 {[%emt 0:04:07]} 42. Qe3 {[%emt 0:01:58]} Rf7 {[%emt 0:03:54]} 43. g3 {[%emt 0:06:20]} Kg7 {[%emt 0:04:37]} 44. Qe1 {[%emt 0:19:45]} Kh6 45. Re2 Rae7 {[%emt 0:01:57]} 46. Rb3 {[%emt 0:02:56]} Qd4 {[%emt 0:05:48]} 47. Qc1+ {[%emt 0:00:23]} Kg7 {[%emt 0:00:50]} 48. Rbe3 {[%emt 0:00:37]} Rf6 {[%emt 0:01:29]} 49. Kg2 {[%emt 0:04:57]} Rf3 {[%emt 0:02:23]} 50. Rxf3 {[%emt 0:00:23]} exf3+ {[%emt 0:00:28]} 51. Kxf3 Qd3+ {[%emt 0:01:04]} 52. Re3 {[%emt 0:00:05]} Rxe3+ {[%emt 0:00:34]} 53. Qxe3 {[%emt 0:00:03]} Qf1+ {[%emt 0:00:20]} 54. Qf2 {[%emt 0:00:07]} Qa1 {[%emt 0:01:04]} 55. Qe2 {[%emt 0:02:22]} Qxa6 {[%emt 0:00:11]} 56. Qe7+ {[%emt 0:00:04]} Kg8 {[%emt 0:00:07]} 57. Qe8+ {[%emt 0:01:00]} Kg7 {[%emt 0:00:05]} 58. Qb5 {[%emt 0:00:40]} Qc8 {[%emt 0:00:43]} 59. Qb2+ {[%emt 0:00:25]} Kf7 {[%emt 0:00:18]} 60. g4 {[%emt 0:00:08]} Qd8 {[%emt 0:00:15]} 61. Qb7+ {[%emt 0:01:17]} Qe7 {[%emt 0:00:26]} 62. Qb8 {[%emt 0:00:30]} Qf6+ {[%emt 0:00:06]} 63. Kg2 Qe5 {[%emt 0:00:46]} 64. Qb3 {[%emt 0:01:23]} 1/2-1/2

[Event "Sparkassen-Open A"]
[Site "Heusenstamm, Martinsee"]
[Date "2023.11.26"]
[Round "7.15"]
[White "Steadman, Michael V R"]
[Black "Klundt, Klaus"]
[Result "1-0"]
[WhiteElo "2127"]
[BlackElo "2280"]
[PlyCount "93"]
[EventDate "2023.??.??"]
[WhiteTeam "Auckland Chess Centre"]
[BlackTeam "SC Heusenstamm"]

1. d4 Nf6 {[%emt 0:00:39]} 2. c4 e6 3. Nc3 d5 4. cxd5 exd5 5. Bg5 {[%emt 0:00:48]} c6 6. e3 {[%emt 0:00:02]} Be7 {[%emt 0:00:37]} 7. Bd3 {[%emt 0:00:40]} Nbd7 {[%emt 0:00:18]} 8. Qc2 {[%emt 0:01:47]} h6 {[%emt 0:00:10]} 9. Bh4 {[%emt 0:00:17]} Nh5 {[%emt 0:00:04]} 10. Bxe7 {[%emt 0:01:24]} Qxe7 11. O-O-O {[%emt 0:00:14]} Nhf6 {[%emt 0:00:17]} 12. Kb1 {[%emt 0:01:16]} Nb6 {[%emt 0:00:58]} 13. Rc1 {[%emt 0:06:02]} Be6 {[%emt 0:01:19]} 14. Nf3 {[%emt 0:02:32]} O-O-O {[%emt 0:01:53]} 15. Na4 {[%emt 0:04:49]} Nfd7 {[%emt 0:02:45]} 16. Nxb6+ {[%emt 0:04:48]} Nxb6 {[%emt 0:00:23]} 17. Ne5 {[%emt 0:00:15]} Kb8 {[%emt 0:01:04]} 18. Qxc6 {[%emt 0:07:56]} Rc8 {[%emt 0:02:18]} 19. Qb5 {[%emt 0:00:31]} Qg5 {[%emt 0:02:26]} 20. g3 {[%emt 0:02:39]} Rhe8 {[%emt 0:05:41]} 21. a4 {[%emt 0:06:13]} Nc4 {[%emt 0:04:25]} 22. Nxc4 {[%emt 0:09:24]} dxc4 {[%emt 0:00:12]} 23. Bxc4 {[%emt 0:00:41]} Bxc4 {[%emt 0:12:04]} 24. Rxc4 {[%emt 0:00:29]} Qg6+ {[%emt 0:01:18]} 25. Ka1 {[%emt 0:01:03]} a6 {[%emt 0:00:27]} 26. Rxc8+ {[%emt 0:01:43]} Rxc8 {[%emt 0:00:04]} 27. Qb3 {[%emt 0:02:11]} Rc2 {[%emt 0:01:51]} 28. f3 {[%emt 0:02:40]} Qc6 {[%emt 0:00:43]} 29. d5 {[%emt 0:03:15]} Qc5 {[%emt 0:00:17]} 30. e4 {[%emt 0:03:49]} Rc4 {[%emt 0:00:52]} 31. Kb1 {[%emt 0:05:57]} Rb4 {[%emt 0:00:49]} 32. Qa3 {[%emt 0:01:09]} Qa5 {[%emt 0:01:09]} 33. Rc1 {[%emt 0:03:33]} Rxa4 {[%emt 0:00:56]} 34. Qf8+ {[%emt 0:00:14]} Ka7 {[%emt 0:00:15]} 35. Qc5+ {[%emt 0:00:11]} Qxc5 {[%emt 0:00:32]} 36. Rxc5 {[%emt 0:00:07]} Kb6 {[%emt 0:01:00]} 37. Rc3 {[%emt 0:00:03]} Rd4 {[%emt 0:01:51]} 38. Kc2 {[%emt 0:00:47]} f5 {[%emt 0:00:54]} 39. Rb3+ {[%emt 0:00:34]} Kc7 {[%emt 0:00:24]} 40. Rd3 {[%emt 0:02:11]} Ra4 41. e5 {[%emt 0:00:49]} Kd7 {[%emt 0:00:28]} 42. d6 {[%emt 0:02:28]} Rc4+ {[%emt 0:01:01]} 43. Rc3 {[%emt 0:00:12]} Rd4 {[%emt 0:01:09]} 44. Rc7+ {[%emt 0:00:19]} Ke6 {[%emt 0:00:37]} 45. Re7+ {[%emt 0:00:08]} Kd5 46. d7 {[%emt 0:00:03]} Kc6 {[%emt 0:00:32]} 47. e6 {[%emt 0:00:10]} 1-0

[Event "Sparkassen-Open A"]
[Site "Heusenstamm, Martinsee"]
[Date "2023.11.26"]
[Round "7.16"]
[White "Minor, Samuel"]
[Black "Swoboda, Philipp"]
[Result "0-1"]
[WhiteElo "2242"]
[BlackElo "2030"]
[PlyCount "46"]
[EventDate "2023.??.??"]
[WhiteTeam "Wiesbadener SV 1885"]
[BlackTeam "SV Frankfurt Nord 1926"]

1. e4 e5 {[%emt 5:48:48]} 2. Nf3 Nc6 {[%emt 0:00:24]} 3. Bc4 Bc5 {[%emt 0:00:09]} 4. c3 {[%emt 0:00:07]} Nf6 {[%emt 0:00:20]} 5. d3 d6 {[%emt 0:00:56]} 6. Bb3 {[%emt 0:00:24]} h6 {[%emt 0:03:34]} 7. O-O {[%emt 0:02:23]} O-O {[%emt 0:00:53]} 8. Nbd2 {[%emt 0:00:39]} a5 {[%emt 0:04:06]} 9. Re1 {[%emt 0:02:31]} Be6 {[%emt 0:02:55]} 10. a4 {[%emt 0:05:09]} Re8 {[%emt 0:10:27]} 11. Nc4 {[%emt 0:02:33]} Ng4 {[%emt 0:10:46]} 12. d4 {[%emt 0:18:56]} exd4 {[%emt 0:00:49]} 13. cxd4 {[%emt 0:00:12]} Bb4 {[%emt 0:21:49]} 14. d5 {[%emt 0:05:50]} Bxe1 {[%emt 0:02:47]} 15. dxe6 {[%emt 0:00:27]} Bxf2+ {[%emt 0:02:50]} 16. Kf1 fxe6 {[%emt 0:00:21]} 17. h3 d5 {[%emt 0:01:28]} 18. exd5 exd5 {[%emt 0:00:38]} 19. hxg4 {[%emt 0:00:06]} Bc5 {[%emt 0:03:29]} 20. Na3 {[%emt 0:00:41]} Nb4 {[%emt 0:03:39]} 21. Nc2 {[%emt 0:00:35]} Nxc2 {[%emt 0:03:42]} 22. Qxc2 {[%emt 0:08:54]} Qd6 {[%emt 0:01:02]} 23. Bf4 {[%emt 0:05:16]} Qa6+ {[%emt 0:00:17]} 0-1